{"text_format":"1","workbook":"xlsx","n_sheets":10,"sheets":["1ª MEDIÇÃO","2ª MEDIÇÃO","3ª MEDIÇÃO","4ª MEDIÇÃO","5ª MEDIÇÃO","6ª MEDIÇÃO","7ª MEDIÇÃO","8ª MEDIÇÃO","9ª MEDIÇÃO","PLANILHA SINTÉTICA"],"not_rendered":{"charts":0,"images":2,"macros":1,"external_links":12,"defined_names":1440,"comments":0,"pivot_tables":0},"unopened":[],"bounds":{"document_bytes":16777216,"sheet_cells":100000,"rows_first":2000,"rows_last":500,"rows_between":2000,"halvings":0,"cell_chars":16384,"cell_head_chars":4096},"cells_cut":0,"cells_raw":0,"read":"whole","date_system":"1900"}

{"sheet":"1ª MEDIÇÃO","index":0,"n_rows":4,"n_cols":10,"rows_kept":4,"cut":false,"hidden":true,"merged":[[0,0,0,8],[1,0,1,8],[2,0,2,8]]}
["TRIBUNAL DE JUSTIÇA DE PERNAMBUCO"]
[{"$f":"#REF!","v":{"$error":"#REF!"}}]
["MEMÓRIA DE CALCULO - 1ª MEDIÇÃO"]
["ITEM","DESCRIÇÃO","QUANT.","LARG.","COMP.","ALT.","TAXA","TOTAL","UNID","MEMORIAL FOTOGRÁFICO"]

{"sheet":"2ª MEDIÇÃO","index":1,"n_rows":4,"n_cols":10,"rows_kept":4,"cut":false,"hidden":true,"merged":[[0,0,0,8],[1,0,1,8],[2,0,2,8]]}
["TRIBUNAL DE JUSTIÇA DE PERNAMBUCO"]
[{"$f":"#REF!","v":{"$error":"#REF!"}}]
["MEMÓRIA DE CALCULO - 2ª MEDIÇÃO"]
["ITEM","DESCRIÇÃO","QUANT.","LARG.","COMP.","ALT.","TAXA","TOTAL","UNID","MEMORIAL FOTOGRÁFICO"]

{"sheet":"3ª MEDIÇÃO","index":2,"n_rows":4,"n_cols":10,"rows_kept":4,"cut":false,"hidden":true,"merged":[[0,0,0,8],[1,0,1,8],[2,0,2,8]]}
["TRIBUNAL DE JUSTIÇA DE PERNAMBUCO"]
[{"$f":"#REF!","v":{"$error":"#REF!"}}]
["MEMÓRIA DE CALCULO - 3ª MEDIÇÃO"]
["ITEM","DESCRIÇÃO","QUANT.","LARG.","COMP.","ALT.","TAXA","TOTAL","UNID","MEMORIAL FOTOGRÁFICO"]

{"sheet":"4ª MEDIÇÃO","index":3,"n_rows":4,"n_cols":10,"rows_kept":4,"cut":false,"hidden":true,"merged":[[0,0,0,8],[1,0,1,8],[2,0,2,8]]}
["TRIBUNAL DE JUSTIÇA DE PERNAMBUCO"]
[{"$f":"#REF!","v":{"$error":"#REF!"}}]
["MEMÓRIA DE CALCULO - 4ª MEDIÇÃO"]
["ITEM","DESCRIÇÃO","QUANT.","LARG.","COMP.","ALT.","TAXA","TOTAL","UNID","MEMORIAL FOTOGRÁFICO"]

{"sheet":"5ª MEDIÇÃO","index":4,"n_rows":4,"n_cols":10,"rows_kept":4,"cut":false,"hidden":true,"merged":[[0,0,0,8],[1,0,1,8],[2,0,2,8]]}
["TRIBUNAL DE JUSTIÇA DE PERNAMBUCO"]
[{"$f":"#REF!","v":{"$error":"#REF!"}}]
["MEMÓRIA DE CALCULO - 5ª MEDIÇÃO"]
["ITEM","DESCRIÇÃO","QUANT.","LARG.","COMP.","ALT.","TAXA","TOTAL","UNID","MEMORIAL FOTOGRÁFICO"]

{"sheet":"6ª MEDIÇÃO","index":5,"n_rows":4,"n_cols":10,"rows_kept":4,"cut":false,"hidden":true,"merged":[[0,0,0,8],[1,0,1,8],[2,0,2,8]]}
["TRIBUNAL DE JUSTIÇA DE PERNAMBUCO"]
[{"$f":"#REF!","v":{"$error":"#REF!"}}]
["MEMÓRIA DE CALCULO - 6ª MEDIÇÃO"]
["ITEM","DESCRIÇÃO","QUANT.","LARG.","COMP.","ALT.","TAXA","TOTAL","UNID","MEMORIAL FOTOGRÁFICO"]

{"sheet":"7ª MEDIÇÃO","index":6,"n_rows":4,"n_cols":10,"rows_kept":4,"cut":false,"hidden":true,"merged":[[0,0,0,8],[1,0,1,8],[2,0,2,8]]}
["TRIBUNAL DE JUSTIÇA DE PERNAMBUCO"]
[{"$f":"#REF!","v":{"$error":"#REF!"}}]
["MEMÓRIA DE CALCULO - 7ª MEDIÇÃO"]
["ITEM","DESCRIÇÃO","QUANT.","LARG.","COMP.","ALT.","TAXA","TOTAL","UNID","MEMORIAL FOTOGRÁFICO"]

{"sheet":"8ª MEDIÇÃO","index":7,"n_rows":4,"n_cols":10,"rows_kept":4,"cut":false,"hidden":true,"merged":[[0,0,0,8],[1,0,1,8],[2,0,2,8]]}
["TRIBUNAL DE JUSTIÇA DE PERNAMBUCO"]
[{"$f":"#REF!","v":{"$error":"#REF!"}}]
["MEMÓRIA DE CALCULO - 8ª MEDIÇÃO"]
["ITEM","DESCRIÇÃO","QUANT.","LARG.","COMP.","ALT.","TAXA","TOTAL","UNID","MEMORIAL FOTOGRÁFICO"]

{"sheet":"9ª MEDIÇÃO","index":8,"n_rows":4,"n_cols":10,"rows_kept":4,"cut":false,"hidden":true,"merged":[[0,0,0,8],[1,0,1,8],[2,0,2,8]]}
["TRIBUNAL DE JUSTIÇA DE PERNAMBUCO"]
[{"$f":"#REF!","v":{"$error":"#REF!"}}]
["MEMÓRIA DE CALCULO - 9ª MEDIÇÃO"]
["ITEM","DESCRIÇÃO","QUANT.","LARG.","COMP.","ALT.","TAXA","TOTAL","UNID","MEMORIAL FOTOGRÁFICO"]

{"sheet":"PLANILHA SINTÉTICA","index":9,"n_rows":31,"n_cols":7,"rows_kept":31,"cut":false,"hidden":false,"merged":[[6,5,6,6],[0,7,0,8],[1,7,1,8],[2,7,2,8],[0,0,0,3],[0,5,0,6],[1,0,2,3],[1,5,1,6],[2,5,2,6],[30,0,30,5],[3,7,3,8],[4,7,4,8],[7,5,7,6],[7,4,8,4],[7,0,8,0],[7,2,8,2],[7,3,8,3],[7,1,8,1],[5,7,5,8],[6,7,6,8],[3,0,4,3],[3,5,3,6],[4,5,4,6],[5,0,6,3],[5,5,5,6]]}
["PODER JUDICIÁRIO",null,null,null,"Obra:","Serviços de Substituição da Rede Elétrica de Baixa Tensão da iluminação externa (Área de Estacionamento) do Fórum Des. Rodolfo Aureliano)"]
["TRIBUNAL DE JUSTIÇA DE PERNAMBUCO",null,null,null,"Local:","Av. Des. Guerra Barreto, s/n, Bairro: Ilha Joana Bezerra, Recife/PE - CEP: 50.080-900"]
[null,null,null,null,"Contrato:","048/2024 -TJPE"]
["DIRETORIA DE ENGENHARIA E ARQUITETURA",null,null,null,"Situação:","Encerrada"]
[null,null,null,null,"Contratada:","R B SERVIÇOS DE OBRAS E REFORMAS DE ENGENHARIA LTDA"]
["QUANTITATIVOS E PREÇOS CONTRATADOS",null,null,null,"Valor Total:",{"$f":"G31","v":102961.65}]
[null,null,null,null,"DATA ASSINATURA DO CONTRATO","2024-08-09"]
["ITEM","Cód. Efisco","DESCRIÇÃO","UN","QUANT. TOTAL","TOTAL"]
[null,null,null,null,null,"P. UNIT","P. TOTAL"]
[" 1 ",null,"ART, ADMINISTRAÇÃO E MOBILIZAÇÃO DA OBRA"]
[" 1.1 ","439519-0","ART Execução de Obra","un",1,320.73,{"$f":"TRUNC(E11*F11,2)","v":320.73}]
[" 1.2 ","401010-8","Administração Local","un/mês",1,14111.83,{"$f":"TRUNC(E12*F12,2)","v":14111.83}]
[" 1.3 ","570104-0","Mobilização da obra (pessoal, máquinas e equipamentos).","un",1,1309.77,1309.77]
[" 2 ",null,"CANTEIRO DE OBRA",null,null,null,0]
[" 2.1 ","501875-7","Placa de obra em lona plástica impressão digital alta resolução com acabamento em ilhós, fixação em abraçadeiras de nylon, estrutura em ferro galvanizado.","m²",4,414.42,1657.68]
[" 3 ",null,"LOCAÇÃO DE MÁQUINAS E EQUIPAMENTOS",null,null,null,0]
[" 3.1 ","573200-0","Locação de Plataforma Aérea Articulada com alcance mínimo vertical de 20m e alcance mínimo horizontal de 10m, Modelo Z-60 ou equivalente.","un/mês",1,26937.21,26937.21]
[" 4 ",null,"INSTALAÇÕES ELÉTRICAS",null,null,null,0]
[" 4.1 ",null,"CONDUTORES",null,null,null,0]
[" 4.1.1 ","573201-8","Cabo de cobre flexível, classe 4 ou 5, seção nominal de 4mm², 0,6/1KV - 70ºC, com isolamento em composto termoplástico não halogenado - Fornecimento e instalação.","m",7316.5,6.16,45069.64]
[" 4.1.2 ","573202-6","Cabo Flexível PVC 0,6/1kV, 3 condutores de 4,0mm² - Fornecimento e instalação.","m",445.8,18.8,8381.0400000000009]
[" 4.2 ",null,"PROTEÇÃO",null,null,null,0]
[" 4.2.1 ","441932-4","Disjuntor termomagnético monopolar, corrente nominal de 16A, padrão DIN, Siemens ou equivalente, incluindo terminal à compressão - Fornecimento e instalação.","un",12,12.84,154.08000000000001]
[" 4.2.2 ","573207-7","Programador horário com alimentação de 100 a 240VAC, uma saída a rele SPDT 16A – 250V, com led para identificação do status, display digital, função horário de verão, caixa em ABX, para fixação em trilho, com 40 memorias, para instalação e programação de sistemas de iluminação - Fornecimento e instalação.","un",12,211.73,2540.7600000000002]
[" 4.2.3 ","573209-3","Trilho para fixação de disjuntor em quadro de distribuição, em ferro zincado, 32/35mm - Fornecimento e instalação.","m",2,59.45,118.9]
[" 4.3 ",null,"LUMINÁRIAS",null,null,null,0]
[" 4.3.1 ","573233-6","Shorting Cap para iluminação externa - Fornecimento e instalação.","un",48,20.92,1004.16]
[" 4.3.2 ","573208-5","Retirada de relé fotoelétrico em poste.","un",48,0.96,46.08]
[" 5 ",null,"DESMOBILIZAÇÃO DA OBRA",null,null,null,0]
[" 5.1 ","571781-7","Desmobilização da obra (pessoal, máquinas e equipamentos).","un",1,1309.77,1309.77]
["TOTAL DA OBRA:",null,null,null,null,null,{"$f":"SUM(G10:G30)","v":102961.65}]